000 00618nam a2200157 a 4500
008 130904s2005 ||||||||||||||||| || u
020 _a9780803986923
050 _aQ 175.5 Yea
100 _aYearley, Steven
245 1 0 _aMaking Sense of Science: understanding the social study of science
_cby Steven Yearley
260 _aLondon:
_bSAGE Publications
_c2005
300 _axv, 205p.
500 _aBIBLIOGRAPHICAL REFERENCES
650 _aSCIENCE--SOCIAL ASPECTS
995 _FCBU-MAIN LIBRARY (Kitwe)
_M1
_UAVAILABLE
_WSep 5, 2013
_ZMain Library Open Access Collection
999 _c49753
_d49753